آمیرتیمور " Ameer Taimur" (Record no. 529021)

000 -LEADER
fixed length control field 00339nam a22001337a 4500
003 - CONTROL NUMBER IDENTIFIER
control field NUST
038 ## - RECORD CONTENT LICENSOR
Staff Name MSOHAIL
082 ## - DEWEY DECIMAL CLASSIFICATION NUMBER
Classification number 923.15
100 ## - MAIN ENTRY--PERSONAL NAME
Personal name محمدعنایتﷲ ; Muhammad Inayat Ullah
9 (RLIN) 20887
245 ## - TITLE STATEMENT
Title آمیرتیمور " Ameer Taimur"
260 ## - PUBLICATION, DISTRIBUTION, ETC.
Place of publication, distribution, etc. Jhelum
Name of publisher, distributor, etc. Book Corner Showroom
300 ## - PHYSICAL DESCRIPTION
Extent 416,p;
Dimensions 23cm
942 ## - ADDED ENTRY ELEMENTS (KOHA)
Source of classification or shelving scheme
Koha item type Book
Holdings
Withdrawn status Lost status Source of classification or shelving scheme Damaged status Not for loan Permanent Location Current Location Date acquired Total Checkouts Full call number Barcode Date last seen Date last checked out Price effective from Koha item type
          School of Civil and Environmental Engineering (SCEE) School of Civil and Environmental Engineering (SCEE) 09/18/2019 4 923.15 NIT-10645 10/25/2024 07/22/2024 09/18/2019 Book
© 2023 Central Library, National University of Sciences and Technology. All Rights Reserved.